Normal view
MARC view
Entry Personal Name
001 - CONTROL NUMBER
- control field: 9462
003 - CONTROL NUMBER IDENTIFIER
- control field: ARRUPE
005 - DATE AND TIME OF LATEST TRANSACTION
- control field: 20140326164209.0
008 - FIXED-LENGTH DATA ELEMENTS
- fixed length control field: 140326|| aca||aabn | a|a d
040 ## - CATALOGING SOURCE
- Original cataloging agency: ARRUPE
- Transcribing agency: ARRUPE
100 ## - HEADING--PERSONAL NAME
- Personal name: Wohlberg, Joseph.
- Title of a work: 201 Latin verbs fully conjugated in all the tenses alphabetically arranged.
670 ## - SOURCE DATA FOUND
- Source citation: Work cat.: (ARRUPE)0: Prior, Richard E. 9459, 501 Latin verbs fully conjugated in all the tenses in a new easy-to-learn format, alphabetically arranged /, c1995.